Представление документа в формате MARC21

Поле Инд. ПП Название Значение
Тип записи a
Библиографический уровень m
001 Контрольный номер DU/522248132
005 Дата корректировки 20200923160449.2
008 Кодируемые данные 20160719
022 0_ a ISSN 2078-1040
041 a Код языка текста rus
084 a Индекс другой классификации/Индекс ББК 20.1
090 a Полочн. индекс 95.2+20.1
099 a Индекс 36830
245 10 a Заглавие Твердые бытовые отходы
b Продолж. заглавия научно-практический журнал
n Номер части/ раздела №7/2016
c Ответственность учредитель: ЗАО "Отраслевые ведомости"; гл. ред. О. Шевелева
246 00 a Другая форма заглавия ТБО
260 c Дата издания 2016
b Издательство Концепция связи XXI век
a Место издания М.
300 a Объем 64 с.
500 a Примечание Журнал
505 a Форматированное содержание Снизу отрасль не выстроить
b Автор Баженов А. В.
n Доп. информация Интервью с генеральным директором и председателем правления Федерального центра проектного финансирования А.В. Баженовым
505 0_ a Форматированное содержание Работает как часы
b Автор Хюги М.
n Доп. информация Интервью с зам. начальника сектора обращения с отходами Федерального ведомства по окружающей среде Швейцарии Михаэлем Хюги
505 0_ a Форматированное содержание Интересен ли ломопереработчикам электронный лом?
b Автор Масленников О. В.
n Доп. информация Интервью с управляющим директором "Корпорации Исток" О.В. Масленниковым
505 0_ a Форматированное содержание Простые истины
b Автор Онищук А. В.
505 0_ a Форматированное содержание Электронная модель территориальной схемы обращения с отходами
b Автор Коротаев В. Н.
b Автор Куликова Ю. В.
b Автор Слюсарь Н. Н.
b Автор Ильиных Г. В.
505 0_ a Форматированное содержание Умная переработка холодильников
b Автор Хефели В.
b Автор Амманн А.
505 0_ a Форматированное содержание Решить проблему старых покрышек
505 0_ a Форматированное содержание Ограничение распространения фильтрата свального тела экранами
b Автор Кудян А. И.
b Автор Чернорубашкин А. И.
b Автор Натеткова А. А.
505 0_ a Форматированное содержание Поговорим о мусоровозах
b Автор Протасов Н. И.
505 0_ a Форматированное содержание Считать стратегическим резервом
b Автор Бурцева Н. Н.
n Доп. информация Окончание. Начало в №5/2016
505 0_ a Форматированное содержание Польза вместо вреда
b Автор Шевелева О. В.
505 0_ a Форматированное содержание Пилотный проект по медотходам в Санкт-Петербюерге
b Автор Крутой Д. М.
b Автор Купцова Н. М.
b Автор Константинова О. В.
505 0_ a Форматированное содержание Чистый и уютный город
b Автор Баруздина Ю. М.
505 0_ a Форматированное содержание Шведский феномен
b Автор Шевелева О. В.
505 0_ a Форматированное содержание Такая непонятная РОП
b Автор Кушнир К. Я.
505 0_ a Форматированное содержание Неосвещенный мусорный скандал
b Автор Холл М.
505 0_ a Форматированное содержание Пластмасса как беда
505 0_ a Форматированное содержание О применении коэффициента 0,3 при размещении ТКО
b Автор Обухова Д. М.
505 0_ a Форматированное содержание Об исключении негативного воздействия объектов размещения отходов
b Автор Лопин И. Л.
505 0_ a Форматированное содержание 50 лет IFAT - история успеха
505 0_ a Форматированное содержание Эхо конференции
650 14 a Основная рубрика экология
653 1_ a Ключевые слова автопокрышки
a Ключевые слова биогаз
a Ключевые слова биоотходы
a Ключевые слова биоразлагаемые материалы
a Ключевые слова Великобритания
a Ключевые слова визуализация данных
a Ключевые слова вторичные материальные ресурсы
a Ключевые слова вторичные ресурсы
a Ключевые слова логистика движения отходов
a Ключевые слова медицинские отходы
a Ключевые слова мусоровозы
a Ключевые слова негативное воздействие на окружающую среду
a Ключевые слова обработка отходов
a Ключевые слова обращение с отходами
a Ключевые слова органические отходы
a Ключевые слова отходы электрического и электронного оборудования (ОЭЭО)
a Ключевые слова переработка отходов
a Ключевые слова пластмассовые отходы
a Ключевые слова плата за негативное воздействие
a Ключевые слова повторное использование
a Ключевые слова полигоны захоронения отходов
a Ключевые слова Псков
a Ключевые слова раздельный сбор отходов
a Ключевые слова размещение отходов
a Ключевые слова расширенная ответственность производителя (РОП)
a Ключевые слова Россия
a Ключевые слова ртуть
a Ключевые слова Санкт-Петербург
a Ключевые слова твердые бытовые отходы (ТБО)
a Ключевые слова твердые коммунальные отходы (ТКО)
a Ключевые слова территориальные схемы
a Ключевые слова управление отходами
a Ключевые слова утилизация отходов
a Ключевые слова фильтрат
a Ключевые слова холодильники
a Ключевые слова Швейцария
a Ключевые слова Швеция
a Ключевые слова экологическая безопасность
a Ключевые слова электронные модели
700 a Автор Шевелева О. В.
e Роль лиц Интервьюер
700 1_ a Автор Сергеенков А. П.
e Роль лиц переводчик
700 1_ a Автор Мальцева О. Н.
e Роль лиц автор подготовки материала
773 08 w Контрольный № источника RU/IS/BASE/496249304
901 t Тип документа s
952 a Тип литературы для КСУ ВШ НЖ
991 s 6